000 00509nam a2200181Ia 4500
003 GCL
008 140319s9999 xx 000 0 ara d
040 _aGCL /
_cGCL
082 0 4 _a797.2
_bا ت
100 1 _aاسامة كامل راتب
245 1 0 _aتعليم السباحة /
_cاسامة كامل راتب
260 _a[S.N] :
_bدار الفكر العربى ،
_c1990
300 _a300 ص
490 _a
650 0 4 _aالرياضة البدنية
650 0 4 _aالسباحة
942 _2ddc
_cBK
999 _c31978
_d31978